000
00304nam a2200133Ia 4500
005
20251222142028.0
008
251222s9999||||xx |||||||||||||| ||spa||
020
_a
84-206-9657-9
082
_a
938/V53
100
_a
Vernant,Jean Pierre
245
0
_a
El Hombre Griego
264
_b
Alianza
942
_c
LIB
999
_c
10860
_d
10860